Państwa, które pokonują Kanadę - Statystyki

Ogólne statystyki
  • Ten quiz został rozwiązany 13 530 razy
    8 570 od ostatniego zresetowania
  • Średni wynik to 12 z 19
Statystyki odpowiedzi
Ranking Kategoria Odpowiedź % Poprawnych
2 Największa powierzchnia Rosja
100%
2 Najczęściej odwiedzane państwo przez Amerykanów Meksyk
90%
3 Największe państwo jako procent kontynentu Australia | Brazylia
82%
10 Najzimniejsza stolica (zgadnij dane państwo) Mongolia | Kazachstan | Islandia | Norwegia | Rosja | Finlandia | Estonia | Litwa | Łotwa
82%
7 Najmniejsza gęstość zaludnienia Mongolia | Namibia | Islandia | Australia | Surinam | Gujana
81%
3 Największe zasoby ropy Wenezuela | Arabia Saudyjska
78%
5 Najkrótsza nazwa państwa w obu Amerykach Kuba | Peru | Chile | Haiti
76%
5 Najdłuższa oczekiwana długość życia Monako | Japonia | Singapur | San Marino
76%
2 Najbardziej wysunięty na północ kawałek lądu (z włączeniem terytoriów zamorskich) Dania
67%
10 Najwięcej drapaczy chmur na osobę Monako | Zjednoczone Emiraty Arabskie | Singapur | Katar | Panama | Bahrajn | Korea Południowa | Australia | Kuwejt
65%
3 Bardziej zaludnione państwo z tylko jedną granicą Wielka Brytania | Korea Południowa
65%
8 Najbardziej wysunięty na zachód kawałek lądu Fidżi | Rosja | Stany Zjednoczone | Nowa Zelandia | Tonga | Kiribati | Samoa
63%
6 Najwięcej złotych medali na osobę w Zimowych Igrzyskach Olimpijskich w 2022 roku Norwegia | Słowenia | Austria | Szwecja | Szwajcaria | Finlandia | Holandia | Estonia
62%
4 Największy obszar lądowy z występowaniem pustyni lub tundry Australia | Algieria | Arabia Saudyjska
55%
4 Najwcześniejsza legalizacja małżeństw jednopłciowych Holandia | Belgia | Hiszpania
50%
4 Najwcześniejsze witanie Nowego Roku w obu Amerykach Brazylia | Argentyna | Urugwaj
45%
3 Państwa, które niedawno organizowały Zimowe Igrzyska Olimpijskie Korea Południowa | Rosja
42%
5 Najniższe zanieczyszczenie powietrza Finlandia | Brunei | Nowa Zelandia | Szwecja
41%
4 Najliczniejszy członek Międzynarodowej Organizacji Frankofonii (nie licząc Francj) Egipt | Wietnam | Demokratyczna Republika Konga
15%
Nie znaleziono quizów pasujących do podanych kryteriów
Rozkład punktacji
Procent ludzi z każdym wynikiem
Percentyl według liczby udzielonych odpowiedzi
Twoja historia wyników
Nie rozwiązałeś tego quizu od ostatniego zresetowania